000 01257cam a22003254a 4500
001 12618801
003 PILC
005 20160108151614.0
008 011213s2002 waua 001 0 eng
010 _a 2001059083
020 _a0735614938
040 _aDLC
_cDLC
_dDLC
042 _apcc
050 0 0 _aHF 5548.4
_b.Ul45 2002
082 0 0 _aCS 005.369E
_bUl7 2002
100 1 _aUlrich-Fuller, Laurie,
_d1961-
245 1 0 _aTroubleshooting microsoft excel 2002
_cLaurie Ann Ulrich.
260 _aRedmond, Wash. :
_bMicrosoft Press,
_cc2002.
300 _axvii, 400 p. :
_bcol. ill. ;
_c24 cm.
520 _a1. Microsoft Excel for Windows. 2. Electronic spreadsheets. 3. Business - - Computer program.
562 _e1
630 0 0 _aMicrosoft Excel (Computer file)
650 0 _aElectronic spreadsheets.
650 0 _aBusiness
_xComputer programs.
856 4 2 _3Contributor biographical information
_uhttp://www.loc.gov/catdir/enhancements/fy1004/2001059083-b.html
906 _a7
_bcbc
_corignew
_d1
_eocip
_f20
_gy-gencatlg
942 _2lcc
_cBK
999 _c131
_d131